Vocabulaire de la documentation (Record no. 5605)

MARC details
000 -LEADER
campo de control de longitud fija 00823nam a2200265 i 4500
001 - NÚMERO DE CONTROL
campo de control 5605
003 - IDENTIFICADOR DE NÚMERO DE CONTROL
campo de control ES-MaACL
005 - FECHA Y HORA DE LA ÚLTIMA TRANSACCIÓN
campo de control 20230906144633.0
007 - CAMPO FIJO DE DESCRIPCIÓN FÍSICA--INFORMACIÓN GENERAL
campo de control de longitud fija t|
008 - DATOS DE LONGITUD FIJA--INFORMACIÓN GENERAL
campo de control de longitud fija 881219c1987 fr ||||1| fre d
020 ## - NÚMERO INTERNACIONAL ESTÁNDAR DEL LIBRO
Número Internacional Estándar del Libro 2-12-484021-5
080 ## - NÚMERO DE LA CLASIFICACIÓN DECIMAL UNIVERSAL
Número de la Clasificación Decimal Universal 002(038)
245 00 - MENCIÓN DEL TÍTULO
Título Vocabulaire de la documentation
Resto del título : = Glossary of documentation terms.
250 ## - MENCION DE EDICION
Mención de edición 2a ed.
260 ## - PUBLICACIÓN, DISTRIBUCIÓN, ETC.
Lugar de publicación, distribución, etc. Paris :
Nombre del editor, distribuidor, etc. AFNOR,
Fecha de publicación, distribución, etc. cop. 1987.
300 ## - DESCRIPCIÓN FÍSICA
Extensión 159 p. ;
Dimensiones 24 cm.
490 1# - MENCIÓN DE SERIE
Mención de serie Les dossiers de la normalisation
500 ## - NOTA GENERAL
Nota general Bibliografia.
650 14 - PUNTO DE ACCESO ADICIONAL DE MATERIA--TÉRMINO DE MATERIA
Término de materia o nombre geográfico como elemento de entrada Documentación-
Subdivisión de forma Diccionarios.
9 (RLIN) 11961
710 1# - ENTRADA AGREGADA--NOMBRE DE ENTIDAD CORPORATIVA
Nombre de entidad corporativa o nombre de jurisdicción como elemento de entrada Association Française de Normalisation.
9 (RLIN) 1816
740 0# - ENTRADA AGREGADA--TÍTULO RELACIONADO/ANALÍTICO NO CONTROLADO
Título relacionado o analítico no controlado Glossary of documentation terms.
830 0# - PUNTO DE ACCESO ADICIONAL DE SERIE-TÍTULO UNIFORME
Título uniforme Les dossiers de la normalisation
9 (RLIN) 177307
852 ## - LOCALIZACIÓN
Ubicación ES-MaACL
Número de control de estantería L-12378
Sublocalización o colección R.114456
Nota libre . - Rust.
Holdings
Estatus retirado Estado de pérdida Fuente del sistema de clasificación o colocación Estado de daño No para préstamo Colección Biblioteca de origen Biblioteca actual Ubicación en estantería Fecha de adquisición Total de préstamos Signatura topográfica completa Código de barras Visto por última vez Precio de reemplazo Tipo de ítem Koha
    Clasificación decimal universal     Biblioteca profesional Biblioteca del Ateneo de Madrid Biblioteca del Ateneo de Madrid Depósito 2 17/01/2008   L-12378 1005681 23/02/2023 23/02/2023 Libro impreso